Statystyki dla Geografia quiz #16 - Państwa z największą liczbą ludności

Kliknij tutaj aby rozwiązać quiz!

Ogólne statystyki

  • Ten quiz został rozwiązany 27 razy
  • Średni wynik to 33 z 40

Statystyki odpowiedzi

Lp.PaństwoLiczba ludności% Poprawnych
2Chiny1 410 539 758
100%
1Indie1 411 415 000
100%
3Stany Zjednoczone337 341 954
100%
22Wielka Brytania67 791 400
100%
32Argentyna46 245 668
96%
21Francja68 305 148
96%
29Hiszpania47 163 418
96%
11Japonia124 214 766
96%
18Niemcy84 316 622
96%
9Rosja142 021 981
96%
7Brazylia217 240 060
92%
15Egipt107 770 524
92%
38Kanada38 232 593
92%
6Nigeria225 082 083
92%
39Polska38 014 000
92%
24Włochy61 095 551
92%
4Indonezja277 329 163
88%
10Meksyk129 150 971
88%
26RPA57 516 665
88%
35Ukraina43 528 136
88%
5Pakistan242 923 845
85%
19Turcja83 047 706
85%
14DR Konga108 407 721
81%
17Iran86 758 304
81%
34Algieria44 178 884
77%
8Bangladesz165 650 475
77%
13Etiopia113 656 596
77%
20Tajlandia69 648 117
77%
28Korea Południowa51 844 834
73%
12Filipiny114 597 229
69%
27Kenia55 864 655
69%
30Kolumbia49 059 221
69%
40Maroko36 738 229
69%
36Irak40 462 701
65%
16Wietnam103 808 319
65%
37Afganistan38 346 720
58%
31Sudan47 958 856
58%
23Tanzania63 852 892
58%
33Uganda46 205 893
58%
25Mjanma57 526 449
46%

Rozkład punktacji

Percentyl według liczby udzielonych odpowiedzi

Procent ludzi z każdym wynikiem

Twoja historia wyników

Nie rozwiązałeś tego quizu